| 000 | 00663nam a2200277Ia 4500 | ||
|---|---|---|---|
| 005 | 20260324120804.0 | ||
| 008 | 008 260324s9999 xx 000 0 eng d | ||
| 020 | _a9781315818931 | ||
| 037 | _aEBOOK | ||
| 040 | _aCRL | ||
| 040 | _beng | ||
| 040 | _cCRL | ||
| 041 | _2eng | ||
| 041 | _aeng | ||
| 084 | _qCRL | ||
| 100 |
_aRobert Hirsch _91159977 |
||
| 245 | 0 | _aTransformational Imagemaking: Handmade Photography Since 1960 | |
| 260 | _bTaylor and Francis | ||
| 260 | _c2014 | ||
| 365 | _a | ||
| 365 | _b300 | ||
| 856 | _uhttp://www.taylorfrancis.com/books/9781315818931 | ||
| 942 | _cEBOOK | ||
| 999 |
_c1751685 _d1751685 |
||